Statistics for Most Common Words In English Starting With V

Click here to take the quiz!

General Stats

  • This quiz has been taken 1,309 times
  • The average score is 20 of 45

Answer Stats

Word% Correct
very
85%
vote
73%
vast
71%
visit
65%
voice
65%
vary
62%
view
62%
vacation
58%
victory
56%
voter
56%
value
55%
variety
55%
via
55%
village
55%
visitor
54%
volume
53%
vegetable
51%
vision
51%
vital
50%
valley
49%
various
49%
video
48%
veteran
44%
viewer
43%
virus
41%
valuable
40%
violent
38%
violence
37%
vehicle
36%
virtue
35%
variation
34%
victim
33%
visual
33%
virtually
31%
versus
28%
version
27%
venture
26%
vulnerable
26%
variable
25%
violate
24%
violation
24%
visible
24%
volunteer
24%
vessel
23%
vs
22%

Score Distribution

Percentile by Number Answered

Percent of People with Each Score

Your Score History

You have not taken this quiz